| 000 | 00391nam a2200157Ia 4500 | ||
|---|---|---|---|
| 001 | 13863 | ||
| 005 | 20250626030203.0 | ||
| 008 | 211022s9999 xx 000 0 und d | ||
| 082 | _a759 IND | ||
| 100 | _aIndus Valley School of Art and Architecture | ||
| 245 | 0 | _aFaculty Art 3 / Faculty Show 3 2008 | |
| 260 | _aKarachi | ||
| 260 | _bIndus Valley School | ||
| 260 | _c2008 | ||
| 942 | _cARCH | ||
| 999 |
_c8099 _d8099 |
||